MARC

LEADER 00000nam0a2200000 4500
001 255453
005 20231101233028.0
035 |a (RuTPU)RU\TPU\book\277965 
090 |a 255453 
100 |a 20140328d1982 m y0rusy50 ca 
101 1 |a rus  |c bel 
102 |a RU 
105 |a a z 000ay 
200 1 |a Возвращение в огонь  |e роман  |e пер. с белорус.  |f В. Ф. Хомченко  |g пер. А. Островский и Г. Островский 
210 |a Москва  |c Воениздат  |d 1992 
215 |a 286 с.  |c ил. 
606 1 |a Белорусская литература  |2 stltpush  |3 (RuTPU)RU\TPU\subj\28192  |9 51766 
610 1 |a романы 
610 1 |a художественная литература 
610 1 |a Великая Отечественная война 1941-1945 
610 1 |a моряки 
610 1 |a военная проза 
675 |a 882.6  |v 3 
700 1 |a Хомченко  |b В. Ф.  |g Василий Федорович 
702 1 |a Островский  |b А.  |4 730 
702 1 |a Островский  |b Г.  |4 730 
801 1 |a RU  |b 63413507  |c 20140328 
801 2 |a RU  |b 63413507  |c 20200521  |g RCR 
942 |c BK